00813 a2200205 45000010006000000050017000060080041000230030015000640400040000790800031001192450029001502500012001792640049001913000032002405050257002720410008005291000021005377000027005587000022005854583620260407155730.0260407a1951 arg spa dAR-UNSa-BCEJYS aAR-UNSa-BCEJYSbspacAR-UNSa-BCEJYS a330xEconomía en general10aPrincipios de economía a2a. ed. 1aBuenos Aires :bEspasa-Calpe Argentinac1951 a2 v. (490 ; 520 p.)c22 cm. aVol. I. : 1. La organización de la producción – 2. Valor y cambio – 3. Bancos y monedas – 4. El comercio internacional - - Vol. II.: 5. La distribución de la riqueza – 6. El trabajo – 7. Organización económica – 8. Los impuestos.  aspa1 aPozzo, Adolfo A.1 aTaussig, Frank William1 aClose, Alberto M.